000
00337nam a22001457a 4500
008
221028b ||||| |||| 00| 0 eng d
020
_a
9780077345532
041
_a
eng
080
_2
eleventh edition
_a
610.73
082
_a
610.73 INS
100
_a
7
101
_a
INF
245
_a
CORE CONCEPTS IN HEALTH
_c
INSEL P
942
_2
udc
_c
BK
999
_c
58688
_d
58688